000 00462 a2200169 4500
999 _c10024
_d10024
020 _a9780815107323
050 _aHV675 BEV 1996
100 _aBever, David L.
245 _aSafety:
_b a personal focus/
_cDavid L. Bever
250 _a4th.
264 _aBoston:
_bWCB McGraw-Hill,
_c1996.
300 _axvi, 499 pages :
500 _aincludes index
650 _aAccidents -- Prevention.
650 _aSafety education.
942 _2lcc
_cBK
_e4th.
_h675
_iBEV
_kHV